000 00690nas a2200229 4500
001 BR8901622
003 BR-BrBNA
005 20231205091515.0
007 ta
008 230509b bl.|||p| |||| 00| 00por d
040 _aBR-BrBNA
_bpor
_cBiblioteca Nacional de Agricultura
041 _a(Pt)
072 _aP10
110 1 _aEmpresa Brasileira de Assistencia Tecnica e Extensao Rural, Brasilia, DF (Brasil)
245 1 _aCisternas de cimento
650 _aPOCO
650 _aIRRIGACAO
650 _aMANEJO DE AGUA
773 0 _tRaizes (Brazil)
_xISSN 0101-0956
_g(Dec 1985 - Jan 1986), v. 11(115) p. 43
_wBR8901622
909 _a202311
_bLúcia
_c55
_dLúcia Elande
942 _2AGRIS
_n0
_cANA
999 _c125542
_d125542